000 00345nam a2200133Ia 4500
008 210716s1996 xx 000 0 und d
041 _aeng
082 _a382.9143 WATP
100 _awaterhouse, Price.
245 _aDoing business in Singapore.
260 _aU S A
_bPrice waterhouse
_c1996
300 _a230
650 _aInternational Business
999 _c199052
_d199052